| 000 | 00774nam a2200241 a 4500 | ||
|---|---|---|---|
| 001 | 000004716 | ||
| 005 | 20200929151505.0 | ||
| 008 | 811009s1980 sp 000 f spa | ||
| 020 | _a8474422124 | ||
| 040 |
_aDO-SdBNP _bspa _cBNPHU |
||
| 082 |
_a843.914 _bG139g |
||
| 100 | 1 |
_aGaillard, Robert, _d1909- _913732 |
|
| 240 | 1 | 0 |
_aMarie Galante II _lEspañol |
| 245 | 1 | 0 |
_aLa gobernadora de las islas / _cRobert Gaillard ; traducción, Lidia Porta. |
| 260 |
_aBarcelona : _bA.T.E., _c1980. |
||
| 300 | _c20 cm. | ||
| 490 | 1 |
_aMaría de las Islas _vvol. 4 |
|
| 500 | _aLa biblioteca posee el tomo 4 | ||
| 534 |
_aTítulo original: _tMarie Galante II |
||
| 650 | 4 |
_aNovela francesa _91075 |
|
| 650 | 4 |
_aLiteratura francesa _91074 |
|
| 830 | 0 |
_aMaría de las Islas _vvol. 4 _913733 |
|
| 999 |
_c4522 _d4522 |
||